00393nam a2200145Ia 4500003000500000008004100005020001800046040001900064082000700083100003800090245005400128260004500182300000800227546001200235STCL181203s9999 xx 000 0 und d a9788184871241 aSTCLbENcSTCL 222 aBeg, Afzal; Ashraf, Mohammad, Ed. 0aAlgebra and its applications: recent developments bNarosa Publishing HouseaNew Delhic2011 a176 aEnglish